Tenet / (Record no. 357269)
[ view plain ]
| 000 -LEADER | |
|---|---|
| fixed length control field | 04844cgm a2200961Ii 4500 |
| 001 - CONTROL NUMBER | |
| control field | on1200761445 |
| 003 - CONTROL NUMBER IDENTIFIER | |
| control field | OCoLC |
| 005 - DATE AND TIME OF LATEST TRANSACTION | |
| control field | 20210104174321.0 |
| 007 - PHYSICAL DESCRIPTION FIXED FIELD--GENERAL INFORMATION | |
| fixed length control field | vd cvaizq |
| 008 - FIXED-LENGTH DATA ELEMENTS--GENERAL INFORMATION | |
| fixed length control field | 201019s2020 nyu151 d vleng d |
| 040 ## - CATALOGING SOURCE | |
| Original cataloging agency | TEFMT |
| Language of cataloging | eng |
| Description conventions | rda |
| Transcribing agency | TEFMT |
| Modifying agency | OCLCO |
| -- | TEF |
| -- | OCLCF |
| -- | TEFMT |
| -- | HCO |
| -- | IHY |
| -- | OCLCO |
| -- | IK2 |
| -- | RB0 |
| -- | IEP |
| -- | OCLCO |
| -- | YEQ |
| -- | WACOL |
| 024 1# - OTHER STANDARD IDENTIFIER | |
| Standard number or code | 883929701469 |
| 028 42 - PUBLISHER NUMBER | |
| Publisher number | 1000750733 |
| Source | Warner Home Video |
| 028 42 - PUBLISHER NUMBER | |
| Publisher number | 3000085437 |
| Source | Warner Home Video |
| -- | (container) |
| 028 42 - PUBLISHER NUMBER | |
| Publisher number | 2000156820 |
| Source | Warner Home Video |
| -- | (disc [1]) |
| 028 42 - PUBLISHER NUMBER | |
| Publisher number | 2000160322 |
| Source | Warner Home Video |
| -- | (disc [2]) |
| 035 ## - SYSTEM CONTROL NUMBER | |
| System control number | (OCoLC)1200761445 |
| 037 ## - SOURCE OF ACQUISITION | |
| Source of stock number/acquisition | Midwest Tape |
| Note | http://www.midwesttapes.com |
| 041 ## - LANGUAGE CODE | |
| Language code of text/sound track or separate title | eng |
| -- | spa |
| -- | fre |
| -- | spa |
| -- | fre |
| -- | eng |
| -- | eng |
| Language code of original and/or intermediate translations of text | eng |
| 050 #4 - LIBRARY OF CONGRESS CALL NUMBER | |
| Classification number | PN1997.2 |
| Item number | .T46 2020 |
| 082 04 - DEWEY DECIMAL CLASSIFICATION NUMBER | |
| Classification number | 791.43/72 |
| Edition number | 23 |
| 092 ## - LOCALLY ASSIGNED DEWEY CALL NUMBER (OCLC) | |
| Classification number | DVD |
| Item number | Ten |
| 049 ## - LOCAL HOLDINGS (OCLC) | |
| Holding library | WACL |
| 245 00 - TITLE STATEMENT | |
| Title | Tenet / |
| Statement of responsibility, etc | written and directed by Christopher Nolan ; produced by Emma Thomas ; produced by Christopher Nolan ; a Warner Bros. Pictures presentation ; a Syncopy production. |
| 264 #1 - Production, Publication, Distribution, Manufacture, and Copyright Notice. | |
| Place of production, publication, distribution, manufacture | New York, NY : |
| Name of producer, publisher, distributor, manufacturer | Warner Bros., |
| Date of production, publication, distribution, manufacture, or copyr | [2020] |
| 300 ## - PHYSICAL DESCRIPTION | |
| Extent | 2 videodiscs (151 min.) : |
| Other physical details | sound, color ; |
| Dimensions | 4 3/4 in. |
| 336 ## - Content Type | |
| Content type term | two-dimensional moving image |
| 337 ## - Media type | |
| Media type term | video |
| 338 ## - Carrier type | |
| Carrier type term | videodisc |
| 344 ## - | |
| -- | digital |
| -- | rdatr |
| 344 ## - | |
| -- | optical |
| -- | rdarm |
| 347 ## - | |
| -- | video file |
| -- | rdaft |
| 347 ## - | |
| -- | DVD video |
| 380 ## - | |
| -- | Motion pictures |
| -- | lcgft |
| 538 ## - SYSTEM DETAILS NOTE | |
| System details note | DVD, region 1, widescreen (16x9 ; 2.40:1); 5.1 Dolby Digital. |
| 546 ## - LANGUAGE NOTE | |
| Language note | In English, Spanish, or French; optional English (SDH), Spanish or French subtitles; descriptive audio. |
| 500 ## - GENERAL NOTE | |
| General note | Title from container. |
| 511 1# - PARTICIPANT OR PERFORMER NOTE | |
| Participant or performer note | John David Washington, Robert Pattinson, Elizabeth Debicki, Dimple Kapadia, Michael Caine, Kenneth Branagh, Martin Donovan, Fiona Dourif, Yuri Kolokolnikov, Himesh Patel, Cl�emence Po�esy, Aaron Taylor-Johnson, Wes Chatham, Andrew Howard. |
| 508 ## - CREATION/PRODUCTION CREDITS NOTE | |
| Creation/production credits note | Director of photography, Hoyte Van Hoytema ; editor, Jennifer Lame ; music, Ludwig G�oransson. |
| 500 ## - GENERAL NOTE | |
| General note | Originally released as a motion picture in 2020. |
| 520 ## - SUMMARY, ETC. | |
| Summary, etc | Armed with only one word and fighting for the survival of the entire world, a man journeys through a twilight world of international espionage on a mission that will unfold in something beyond real-time. |
| 521 8# - TARGET AUDIENCE NOTE | |
| Target audience note | Rating: PG-13; for intense sequences of violence and action, some suggestive references and brief strong language. |
| 500 ## - GENERAL NOTE | |
| General note | Special feature: Looking at the world in a new way: the making of Tenet. |
| 521 ## - TARGET AUDIENCE NOTE | |
| Target audience note | DVD |
| Source | MicroMarketing |
| 650 #0 - SUBJECT ADDED ENTRY--TOPICAL TERM | |
| Topical term or geographic name as entry element | Heroes |
| Form subdivision | Drama. |
| 9 (RLIN) | 5708948 |
| 650 #0 - SUBJECT ADDED ENTRY--TOPICAL TERM | |
| Topical term or geographic name as entry element | Survival |
| Form subdivision | Drama. |
| 9 (RLIN) | 5703629 |
| 650 #0 - SUBJECT ADDED ENTRY--TOPICAL TERM | |
| Topical term or geographic name as entry element | Spies |
| Form subdivision | Drama. |
| 9 (RLIN) | 5709316 |
| 650 #7 - SUBJECT ADDED ENTRY--TOPICAL TERM | |
| Topical term or geographic name as entry element | Heroes. |
| Source of heading or term | fast |
| -- | (OCoLC)fst00955558 |
| 9 (RLIN) | 6397488 |
| 650 #7 - SUBJECT ADDED ENTRY--TOPICAL TERM | |
| Topical term or geographic name as entry element | Spies. |
| Source of heading or term | fast |
| -- | (OCoLC)fst01129772 |
| 9 (RLIN) | 6397489 |
| 655 #7 - INDEX TERM--GENRE/FORM | |
| Genre/form data or focus term | Drama. |
| Source of term | fast |
| -- | (OCoLC)fst01423879 |
| 9 (RLIN) | 6397490 |
| 655 #7 - INDEX TERM--GENRE/FORM | |
| Genre/form data or focus term | Feature films. |
| Source of term | fast |
| -- | (OCoLC)fst01710384 |
| 9 (RLIN) | 6397491 |
| 655 #7 - INDEX TERM--GENRE/FORM | |
| Genre/form data or focus term | Science fiction films. |
| Source of term | fast |
| -- | (OCoLC)fst01710407 |
| 9 (RLIN) | 6397492 |
| 655 #7 - INDEX TERM--GENRE/FORM | |
| Genre/form data or focus term | Action and adventure films. |
| Source of term | lcgft |
| 9 (RLIN) | 6397493 |
| 655 #7 - INDEX TERM--GENRE/FORM | |
| Genre/form data or focus term | Science fiction films. |
| Source of term | lcgft |
| 9 (RLIN) | 6397492 |
| 655 #7 - INDEX TERM--GENRE/FORM | |
| Genre/form data or focus term | Thrillers (Motion pictures) |
| Source of term | lcgft |
| 9 (RLIN) | 6397494 |
| 655 #7 - INDEX TERM--GENRE/FORM | |
| Genre/form data or focus term | Spy films. |
| Source of term | lcgft |
| 9 (RLIN) | 6397495 |
| 655 #7 - INDEX TERM--GENRE/FORM | |
| Genre/form data or focus term | Feature films. |
| Source of term | lcgft |
| 9 (RLIN) | 6397491 |
| 655 #7 - INDEX TERM--GENRE/FORM | |
| Genre/form data or focus term | Fiction films. |
| Source of term | lcgft |
| 9 (RLIN) | 6397496 |
| 655 #7 - INDEX TERM--GENRE/FORM | |
| Genre/form data or focus term | Video recordings for the hearing impaired. |
| Source of term | lcgft |
| 9 (RLIN) | 6397497 |
| 655 #7 - INDEX TERM--GENRE/FORM | |
| Genre/form data or focus term | Video recordings for people with visual disabilities. |
| Source of term | lcgft |
| 9 (RLIN) | 5676923 |
| 700 1# - ADDED ENTRY--PERSONAL NAME | |
| Personal name | Nolan, Christopher, |
| Dates associated with a name | 1970- |
| Relator term | film director, |
| -- | screenwriter, |
| -- | film producer. |
| 9 (RLIN) | 67566 |
| 700 1# - ADDED ENTRY--PERSONAL NAME | |
| Personal name | Thomas, Emma |
| Titles and other words associated with a name | (Motion picture producer), |
| Relator term | film producer. |
| 9 (RLIN) | 5897513 |
| 700 1# - ADDED ENTRY--PERSONAL NAME | |
| Personal name | Washington, John David, |
| Dates associated with a name | 1984- |
| Relator term | actor. |
| 9 (RLIN) | 6393093 |
| 700 1# - ADDED ENTRY--PERSONAL NAME | |
| Personal name | Pattinson, Robert, |
| Dates associated with a name | 1986- |
| Relator term | actor. |
| 9 (RLIN) | 6397498 |
| 700 1# - ADDED ENTRY--PERSONAL NAME | |
| Personal name | Debicki, Elizabeth, |
| Relator term | actor. |
| 9 (RLIN) | 5765563 |
| 700 1# - ADDED ENTRY--PERSONAL NAME | |
| Personal name | Kapadia, Dimple, |
| Dates associated with a name | 1957- |
| Relator term | actor. |
| 9 (RLIN) | 6393095 |
| 700 1# - ADDED ENTRY--PERSONAL NAME | |
| Personal name | Caine, Michael, |
| Relator term | actor. |
| 9 (RLIN) | 15693 |
| 700 1# - ADDED ENTRY--PERSONAL NAME | |
| Personal name | Branagh, Kenneth, |
| Relator term | actor. |
| 9 (RLIN) | 75479 |
| 700 1# - ADDED ENTRY--PERSONAL NAME | |
| Personal name | Patel, Himesh, |
| Dates associated with a name | 1990- |
| Relator term | actor. |
| 9 (RLIN) | 6393096 |
| 700 1# - ADDED ENTRY--PERSONAL NAME | |
| Personal name | Po�esy, Cl�emence, |
| Relator term | actor. |
| 9 (RLIN) | 6363682 |
| 700 1# - ADDED ENTRY--PERSONAL NAME | |
| Personal name | Taylor-Johnson, Aaron, |
| Dates associated with a name | 1990- |
| Relator term | actor. |
| 9 (RLIN) | 5810988 |
| 700 1# - ADDED ENTRY--PERSONAL NAME | |
| Personal name | Dourif, Fiona, |
| Dates associated with a name | 1981- |
| Relator term | actor. |
| 9 (RLIN) | 6392192 |
| 700 1# - ADDED ENTRY--PERSONAL NAME | |
| Personal name | Howard, Andrew, |
| Dates associated with a name | 1969- |
| Relator term | actor. |
| 9 (RLIN) | 6224899 |
| 700 1# - ADDED ENTRY--PERSONAL NAME | |
| Personal name | Chatham, Wes, |
| Relator term | actor. |
| 9 (RLIN) | 5810051 |
| 700 1# - ADDED ENTRY--PERSONAL NAME | |
| Personal name | Donovan, Martin, |
| Dates associated with a name | 1957- |
| Relator term | actor. |
| 9 (RLIN) | 6177184 |
| 700 1# - ADDED ENTRY--PERSONAL NAME | |
| Personal name | Hoytema, Hoyte van, |
| Dates associated with a name | 1971- |
| Relator term | cinematographer. |
| 9 (RLIN) | 5906345 |
| 700 1# - ADDED ENTRY--PERSONAL NAME | |
| Personal name | Lame, Jennifer |
| Titles and other words associated with a name | (Film editor), |
| Relator term | editor of moving image work. |
| 9 (RLIN) | 6393097 |
| 700 1# - ADDED ENTRY--PERSONAL NAME | |
| Personal name | G�oransson, Ludwig, |
| Dates associated with a name | 1984- |
| Relator term | composer (expression) |
| 9 (RLIN) | 6393098 |
| 710 2# - ADDED ENTRY--CORPORATE NAME | |
| Corporate name or jurisdiction name as entry element | Warner Bros. Pictures (1969- ), |
| Relator term | presenter. |
| 9 (RLIN) | 68691 |
| 710 2# - ADDED ENTRY--CORPORATE NAME | |
| Corporate name or jurisdiction name as entry element | Syncopy (Firm), |
| Relator term | production company. |
| 9 (RLIN) | 5847506 |
| 710 2# - ADDED ENTRY--CORPORATE NAME | |
| Corporate name or jurisdiction name as entry element | Warner Home Video (Firm), |
| Relator term | publisher. |
| 9 (RLIN) | 61103 |
| 994 ## - | |
| -- | C0 |
| -- | WACOL |
| Withdrawn status | Lost status | Source of classification or shelving scheme | Materials specified (bound volume or other part) | Damaged status | Not for loan | Collection code | Home library | Current library | Shelving location | Date acquired | Source of acquisition | Total Checkouts | Total Renewals | Full call number | Barcode | Date last seen | Date checked out | Cost, replacement price | Price effective from | Koha item type |
|---|---|---|---|---|---|---|---|---|---|---|---|---|---|---|---|---|---|---|---|---|
| Dewey Decimal Classification | 2 discs | Movies | Wasatch County Library | Wasatch County Library | Audio Visual Area | 01/05/2021 | Micromarketing | 23 | 28 | DVD Ten | 34301001707647 | 01/05/2026 | 12/30/2025 | 23.18 | 01/05/2021 | DVD |
